000 01083cam a2200301 4500
001 ##M1464
008 090401t1993 xxu||||| |||| 00| 0 eng d
035 _a(Sirsi) u32202
041 0 _aeng
050 0 4 _a333.0094 $2 18
090 _aRICS 1993/97AB
110 2 _aRoyal Institution of Chartered Surveyors
_bJunior Organisation
_91458
245 _aSurveying the opportunities in Europe
_b the JO Weekend Conference 17-18 April 1993 at the Royal Agricultural College, Cirencester.
260 _aLondon
_bRICS
_c1993
300 _a7
_fitems
_c30cm.
350 _a0
505 2 _aCAP, GATT, agriculture and the environment -- Surveying in Hungary -- Working in Germany -- Opportunities in Portugal
520 _aConsists mainly of synopses but includes fuller text of the papers listed above.
650 2 4 _aCOMMON AGRICULTURAL POLICY
651 4 _aEUROPE
690 _aCAREERS, EDUCATION AND TRAINING-CAREERS IN SURVEYING
700 1 _aAlliston, J.
700 1 _aBennett, C.
700 1 _aBaldwin, R. H.
700 1 _aChaffe, J.
942 _n0
948 _c04/03/1997
999 _c89689
_d89689